000 00837nam a2200277 a 4500
003 AR-BaBNM
005 20251128210516.0
008 082120s2002 ||||||||||||||000 | spa||
040 _cAR-BaBNM
100 1 _aSarmiento, Domingo Faustino
_d1811-1888
245 0 0 _aObras de D.F. Sarmiento
_bArtículos críticos y literarios : 1842-1853
_n2 ;
260 _aParis
_bBelin hnos.
_c1909
500 _aEsta obra no se encuentra en en la BNM, por tal motivo se debe solicitar con anticipación para su consulta
530 _aInternet
600 1 4 _aBolívar, Simón
600 1 4 _aSan Martín, José de
650 4 _aLITERATURA ARGENTINA
650 4 _aHISTORIA ARGENTINA
650 4 _aPERIODISMO
650 4 _aPROGRESO
650 4 _aHISTORIA SOCIAL
651 4 _aChile
653 _aJESUITAS
942 _cBK
998 _cMariana
999 _c15731
_d15731